00364nam a2200109Ia 4500008004100000041000800041100001700049245009100066260004300157500002500200700002900225250110s9999 xx 000 0 und d aeng aRao Praneeta aIntegration Of Aquaculture Farms Through River Braiding Using Parametric Interventions bBNCA-M arch Digital Architecturec2021 aDigital Architecture aGuide Name:Agashe Poonam